000 00593nam a22001697a 4500
999 _c18693
_d18693
008 240118b ||||| |||| 00| 0 eng d
020 _a9781071807675
082 _22021
_aDC 303.482
_bN396
100 _aNeuliep, James W.
_950724
245 _aIntercultural communication :
_ba contextual approach /
_cJames W. Neuliep.
260 _aCalifornia :
_bSage Publications, Inc.,
_c©2021.
300 _axxvi, 494 pages :
_billustrations ;
_c23 cm.
500 _aIncludes glossary, notes, and index.
650 _aIntercultural communication.
_951185
650 _aCulture.
_951186
942 _2ddc
_cDC